000 00428nam a2200169Ia 4500
005 20250423094302.0
008 250422s9999 xx 000 0 und d
020 _a9789350145753
050 _aT 353 .S55/
100 _aSikka, V. B.
245 2 _aA textbook of basic drawing for architects and civil engineers
260 _aNew Delhi
260 _bS. K. Kataria & Sons
260 _c2015
300 _a363 p
942 _cBK
999 _c26805
_d26805